000 00625nam a2200205 4500
001 126501
003 ES-MaACL
005 20230906192830.0
007 t|
008 070214s1970 sp r ||||1| spa d
100 1 _aReuchlin, Maurice.
_996372
245 1 4 _aLos métodos en psicología /
_cMaurice Reuchlin ; traducción de Jesús Hernández Valdeperas.
260 _aBarcelona :
_bA. Redondo,
_c1970.
300 _a153 p. ;
_c18 cm.
490 1 _aBeta ;
_v21
700 1 _aHernández Valdeperas, Jesús.
_963065
830 0 _aBeta ;
_v21
_9182807
852 _aES-MaACL
_jC-40410
_bR.76441
999 _c126501
_d126501